000 00318nam a22001337a 4500
008 170905b xxu||||| |||| 00| 0 eng d
020 _a9780072862935
041 _aeng
080 _23 ED
_a070
100 _a40
101 _aMED
245 _aFUNDAMENTALS OF HUMAN COMMUNIC\ATION
_cDEFLEUR.M.H
942 _2udc
_cBK
999 _c26199
_d26199